Statistics for Børnesoldater / Krigskorrespondenter

Click here to take the quiz!

General Stats

  • This quiz has been taken 12 times
  • The average score is 7 of 15

Answer Stats

QuestionAnswer% Correct
Hvad er de mest almindelige straffe for børn der ikke opfører sig ordenligt i lejren?Piskeslag, tæsk eller sult
89%
Hvorfor går størstedelen af børn 'frivilligt' i krig?Ellers bliver de / familien skudt
78%
Hvor gammel hvor Odongo da han blev kidnappet?14 år
67%
Hvilken Puk Damsgård bog er blevet filmatiseretSer du månen, Daniel?
67%
Hvad kendetegner tidligere børnesoldater?Store fysiske og psykiske ar og lidelser
67%
Hvor henne i verden er der flest børnesoldater?Tredjeverdenslande
67%
Hvorfor findes krigskorrespondenter i dag?Det er utroligt nemt at kommunikere på verdensplan
56%
Hvilket land havde flest børnesoldater på verdensplan?DR Congo
56%
Hvorfor blev krigskorrespondenter først brugt?Fordi datidens konger og kejsere skulle vide hvad der skete på fronten
56%
Hvor mange børnesoldater estimeres der at være i dette land?30.000
33%
Hvilket land stammer Odongo Muselo fra?DR Congo
22%
Hvad kaldes 'overlevelseskurset' man kan tage i Torino i Italien?RISC
22%
Hvordan lyder opskriften på falsk opkast?Yoghurt, havregryn, appelsinjuice og parmesan
22%
Hvordan sikre krigskorrespondenter at de ikke kommer ud i alt for stor fare?Ved brug af lokale netværk og fortolkere
11%
Hvilen aftale blev rent faktisk vedtaget d. 5 november i Yemen?En aftale angående store protester i Aden
0%

Score Distribution

Percentile by Number Answered

Percent of People with Each Score

Your Score History

You have not taken this quiz